Gs̀ natural no cenr̀io brasileiro

Detalles Bibliográficos
Autor principal: Dassunȯ̂, Maria
Formato: eBook
Lenguaje:portugués
Publicado: Rio de Janeiro: Synergia Editora, 2015
Materias:
Acceso en línea:Acceso restringido

MARC

LEADER 00000nam a22000007a 4500
005 2019081907297.0
007 cr|||| ||||
008 190819s2015 br |||||s|||| 00||0 por d
020 |a 9788568483053 
035 |a 24129 
040 |a vLex 
090 |c 9243  |d 9243 
100 1 |a Dassunȯ̂, Maria 
245 1 0 |a Gs̀ natural no cenr̀io brasileiro  |h [Recurso electrn̤ico] /  |c Maria Dassunȯ̂ 
256 |a Servicio en ln̕ea 
260 |a Rio de Janeiro:  |b Synergia Editora,  |c 2015 
300 |a 1 recurso electrn̤ico 
500 |a A origem deste livro remonta ao longo pero̕do de discusse̳s parlamentares dos 4 projetos de lei, que resultaram na Lei Federal n. 11.909/2009, a denominada Lei do Gs̀.Esta obra apresenta a junȯ̂ dos mais renomados conhecedores do setor de gs̀ natural no Brasil e no exterior evidenciando as queste̳s mais relevantes para o desenvolvimento eficiente desse mercado.Alm̌ disso, tambm̌ revela e indica muitos dos caminhos que precisam ser percorridos pela regulaȯ̂ e pelos agentes econm̥icos, especialmente quando se necessita dar maior destaque ̉participaȯ̂ do gs̀ natural na matriz energťica.É fato que as opinie̳s aqui apresentadas significam valiosas colaboraė̳s para os formuladores de polt̕icas pb︢licas na esfera da Uniô e dos Estados, dada a importńcia da harmonia da legislaȯ̂ entre estes agentes, uma vez que os contratos de gs̀ natural nas suas diferentes modalidades exigem acuidade na sua negociaȯ̂ e na sua fiscalizaȯ̂ reconhecendo "como nos ensinaram os gregos" que se tratam desigualmente os desiguais. 
506 1 |a Disponible solo en los productos indicados  |d vLex Global  |d vLex Global (Academic Edition, excluding Law Schools)  |d vLex Global (U.S. Academic Edition, Law Schools)  |d vLex Global (U.S. Academic Edition, excluding Law Schools)  |d vLex Global (Academic Edition, Law Schools) 
650 0 4 |a Economa̕ y negocios  |z Brasil 
740 0 |a vLex Libros (Servicio en ln̕ea) 
856 4 0 |u http://vlex.com/source/gas-natural-no-cenario-brasileiro-24129  |z Acceso restringido 
942 |c BOOK 
999 0 |a Economy and business